| 000 | 01286nam a2200337Ia 4500 | ||
|---|---|---|---|
| 003 | OSt | ||
| 005 | 20221007123809.0 | ||
| 006 | a|||||r|||| 00| 0 | ||
| 007 | ta | ||
| 008 | 221006b |||||||| |||| 00| 0 eng d | ||
| 020 |
_a8131709752 (pbk) _cRs.765.00 |
||
| 024 | _a78671 | ||
| 037 |
_bEBA/431/2007-08, 09/10/2007, Educational Book Agency (India) _cTextbook |
||
| 040 |
_aCDL _cCDL _beng |
||
| 041 |
_2eng _aeng |
||
| 082 | _aE9G:2, L81;P2-;1 Carc | ||
| 100 |
_aTinoco Ignacio _9717874 |
||
| 245 | 0 |
_aPhysical chemistry: principles and applications in biological sciences _b Sauer Kenneth Wang James C Puglisi Joseph D |
|
| 250 | _a4 | ||
| 260 |
_aDelhi _bPearson Education,Inc. _c2002 |
||
| 300 |
_a764p. _ccm. |
||
| 500 | _aIncludes bibliographical references.; Appendix 736-748p.; Index 752-764p. | ||
| 650 |
_a Physical chemistry _9192709 |
||
| 650 |
_a Theoretical chemistry _9717875 |
||
| 650 | _aChemistry | ||
| 700 |
_a Puglisi Joseph D _9717876 |
||
| 700 |
_a Sauer Kenneth _9717877 |
||
| 700 |
_a Wang James C _9444662 |
||
| 942 |
_hE9G:2, L81;P2-;1 Carc _cTB _2CC |
||
| 999 |
_c1212499 _d1212499 |
||